Rational approach to islam / (Record no. 125022)

MARC details
000 -LEADER
fixed length control field 00677nam a22002297a 4500
005 - DATE AND TIME OF LATEST TRANSACTION
control field 20170124105947.0
010 ## - LIBRARY OF CONGRESS CONTROL NUMBER
LC control number B-035152
020 ## - INTERNATIONAL STANDARD BOOK NUMBER
Terms of availability 00.00
International Standard Book Number 8121207258
035 ## - SYSTEM CONTROL NUMBER
System control number B-035152
037 ## - SOURCE OF ACQUISITION
Source of stock number/acquisition Cen Lib/Ret
040 ## - CATALOGING SOURCE
Original cataloging agency DPL
Language of cataloging EN
082 ## - DEWEY DECIMAL CLASSIFICATION NUMBER
Classification number 270
Item number ASG
100 ## - MAIN ENTRY--PERSONAL NAME
Personal name Asghar Ali Engineer
9 (RLIN) 91106
245 ## - TITLE STATEMENT
Title Rational approach to islam /
Statement of responsibility, etc by Asghar Ali Engineer
260 ## - PUBLICATION, DISTRIBUTION, ETC. (IMPRINT)
Place of publication, distribution, etc Srinagar
Name of publisher, distributor, etc Gyan Publishing House
Date of publication, distribution, etc 2001
270 ## - ADDRESS
Address 5. Ansari Road
City Nerw Delhi
Postal code 110002
300 ## - PHYSICAL DESCRIPTION
Extent 300p.
Dimensions 22cm(Hb)
500 ## - GENERAL NOTE
General note Includes index.
650 ## - SUBJECT ADDED ENTRY--TOPICAL TERM
Topical term or geographic name as entry element Islamic ethics -- India
9 (RLIN) 91107
650 ## - SUBJECT ADDED ENTRY--TOPICAL TERM
Topical term or geographic name as entry element Rationalism in India
9 (RLIN) 91108
942 ## - ADDED ENTRY ELEMENTS (KOHA)
Source of classification or shelving scheme Dewey Decimal Classification
Koha item type English Books
Classification part 270
Call number suffix ASG
Holdings
Withdrawn status Lost status Damaged status Not for loan Home library Current library Date acquired Source of acquisition Cost, normal purchase price Total Checkouts Full call number Barcode Date last seen Date checked out Copy number Cost, replacement price Price effective from Koha item type
        Central Library Central Library 19/06/2015 Cen Lib/Ret 0.00 1 270 ASG B-035152 20/04/2018 03/04/2018 1 0.00 19/06/2015 English Books

© Delhi Public Library
Hit Counter
free hit counter